Mis3 / (Record no. 17760)
[ view plain ]
| 000 -LEADER | |
|---|---|
| fixed length control field | 00605cam a22001935a 4500 |
| 001 - CONTROL NUMBER | |
| control field | 17340549 |
| 005 - DATE AND TIME OF LATEST TRANSACTION | |
| control field | 20131113155537.0 |
| 008 - FIXED-LENGTH DATA ELEMENTS--GENERAL INFORMATION | |
| fixed length control field | 120608s2012 mau 000 0 eng |
| 020 ## - INTERNATIONAL STANDARD BOOK NUMBER | |
| International Standard Book Number | 9781133627302 |
| 082 ## - DEWEY DECIMAL CLASSIFICATION NUMBER | |
| Edition number | 22 |
| Classification number | 658.4038 |
| Item number | BID |
| 100 1# - MAIN ENTRY--PERSONAL NAME | |
| Personal name | Bidgoli, Hossein. |
| 9 (RLIN) | 34462 |
| 245 10 - TITLE STATEMENT | |
| Title | Mis3 / |
| Statement of responsibility, etc | Hossein Bidgoli; [edited by] Erin Joyner, Kate Mason. |
| 260 ## - PUBLICATION, DISTRIBUTION, ETC. (IMPRINT) | |
| Place of publication, distribution, etc | Boston, MA : |
| Name of publisher, distributor, etc | Course Technology Cengage Learning, |
| Date of publication, distribution, etc | 2012. |
| 300 ## - PHYSICAL DESCRIPTION | |
| Extent | 306 p. ; |
| Dimensions | 27 cm. |
| 500 ## - GENERAL NOTE | |
| General note | Include index. |
| 650 ## - SUBJECT ADDED ENTRY--TOPICAL TERM | |
| Topical term or geographic name as entry element | Management information systems. |
| 9 (RLIN) | 34463 |
| 653 ## - INDEX TERM--UNCONTROLLED | |
| Resource For college | |
| Arrived date list | November2013 |
| 942 ## - ADDED ENTRY ELEMENTS (KOHA) | |
| Source of classification or shelving scheme | Dewey Decimal Classification |
| Item type | Book - Borrowing |
| Call number prefix | 658.4038 BID |
| Withdrawn status | Item status | Source of classification or shelving scheme | Damaged status | Not for loan | Vendor | Home library | Current library | Shelving location | Date acquired | Source of acquisition | Total Checkouts | Total Renewals | Full call number | Barcode | Date last seen | Date last borrowed | Koha item type |
|---|---|---|---|---|---|---|---|---|---|---|---|---|---|---|---|---|---|
| Dewey Decimal Classification | Baccah | Central Library | Central Library | First floor | 13/11/2013 | 1 | 3 | 658.4038 BID | 000035077 | 15/07/2025 | 12/11/2015 | Book - Borrowing | |||||
| Dewey Decimal Classification | Baccah | Central Library | Central Library | First floor | 13/11/2013 | 2 | 8 | 658.4038 BID | 000035078 | 15/07/2025 | 23/12/2014 | Book - Borrowing | |||||
| Dewey Decimal Classification | Baccah | Central Library | Central Library | First floor | 13/11/2013 | 1 | 4 | 658.4038 BID | 000035079 | 15/07/2025 | 14/10/2014 | Book - Borrowing |